Das Deutschmobil. Pracovný zošit Deutsch als Fremdsprache für Jugendliche 3

Podrobná bibliografia
Hlavní autori: Douvitsas-Gamst, Jutta (Autor), Xanthos, Eleftherios (Autor), Xanthos-Kretzschmer, Sigrid (Autor)
Médium: Kniha
Jazyk:nemčina
Fyzický popis:135 s. ilustr. 30 cm
Vydavateľské údaje: Bratislava München Slovenské pedagogické nakladateľstvo Klett Edition Deutsch 2002
ISBN:8008033681
Vydanie:4. vyd.
Predmet:

MARC

LEADER 00000nam a2200000 a 4500
001 vtls001481400
003 SK-MaSNL
005 20260302002945.0
008 240318s2002 xo a ger
015 |a SNBA2004/10-05847 
020 |a 8008033681 
035 |a SNK000436697 
035 |a urn:nbn:sk:snk-amybeh 
035 |a urn:nbn:sk:snk-am00c7zm 
035 |a 7E89FBDB-242C-4C11-9750-884FC46EDDB8 
040 |a SNK  |b slo  |c SNK  |e AACR2 
041 0 |a ger 
044 |a xo  |c SK 
072 7 |a 811.112.2  |2 konspekt 
080 |a 37.016:811.112.2(075.2)(076.5)  |2 2. slo 
080 |a 811.112.2  |2 1981 
080 |a (075.2)  |2 1981 
080 |a (076.1)  |2 1981 
100 1 |a Douvitsas-Gamst, Jutta  |4 aut  |9 43451 
245 1 4 |a Das Deutschmobil. Pracovný zošit  |b Deutsch als Fremdsprache für Jugendliche  |c Jutta Douvitsas-Gamst, Eleftherios Xanthos, Sigrid Xanthos-Kretzschmer  |n 3 
250 |a 4. vyd. 
260 |a Bratislava  |b Slovenské pedagogické nakladateľstvo  |a München  |b Klett Edition Deutsch  |c 2002 
300 |a 135 s.  |b ilustr.  |c 30 cm 
500 |a Slovník 
650 0 7 |a nemčina  |x učebnice základných škôl  |x zošity pracovné  |2 SNK  |9 640989 
650 0 7 |a nemčina  |2 SNK  |9 1384 
655 7 |a učebnice  |2 SNK  |9 22521 
655 7 |a učebnice základných škôl  |2 SNK  |9 70187 
655 7 |a pracovné zošity  |2 SNK  |9 70188 
700 1 |a Xanthos, Eleftherios  |4 aut  |9 47811 
700 1 |a Xanthos-Kretzschmer, Sigrid  |4 aut  |9 47812 
919 |a 80-08-03368-1 
968 |d 37 
999 |c 990139  |d 992069 
952 |t P60, <04>, [BOOK], {604}  |a SNK  |b SNK  |y VYP  |7 0  |p 17A0442665  |o snkSB 61139/3/[B] D1  |i snkKSP 11812/2004  |0 0  |1 0  |4 0  |d 2004-09-08  |l 0  |r 2005-01-02 00:00:00  |w 2026-02-24 
952 |t P60, <03>, [BOOK], {603}  |a SNK  |b SNK  |y PREZ  |7 0  |p 17A0442664  |o snkSB 61139/3/[B]  |i snkKSP 11811/2004  |0 0  |1 0  |4 0  |d 2004-09-08  |f 1  |l 0  |r 2025-04-11 00:00:00  |w 2026-02-24